| 000 | 00512nam a22001697a 4500 | ||
|---|---|---|---|
| 005 | 20251108172710.0 | ||
| 008 | 250721s2003 xx 000 0 ara d | ||
| 082 | 1 | 4 | _a418.2/مار |
| 100 | 1 |
_aمارديني، عبد الرحيم _eمؤلف |
|
| 245 | 1 | 0 | _aالإنشاء الميسر للمرحلة الإبتدائية / |
| 264 | 1 |
_aدمشق : _bدار المحبة، _c2003. |
|
| 300 | _a210ص. | ||
| 650 | 1 | 7 | _aاللغة العربية |
| 653 | _aالإنشاء | ||
| 942 |
_2ddc _cBK |
||
| 999 |
_c86229 _d86229 |
||